| 000 | 00376cam a2200145 a 4500 | ||
|---|---|---|---|
| 020 | _a012647480X | ||
| 040 | _cDLC | ||
| 082 | 0 | 0 | _a674 ACA 1981 A040 Or. |
| 100 | 1 | _aSjöström, Eero, | |
| 245 | 1 | 0 |
_aWood chemistry : _bfundamentals and applications / |
| 260 |
_aNew York : _bAcademic Press, _c1981. |
||
| 300 |
_axi, 223 p. : _bill. ; _c24 cm. |
||
| 650 | 0 | _aWood | |
| 942 | _cEK | ||
| 999 |
_c12092 _d12092 |
||